00698nam a2200229 a 4500001001300000003000900013005001700022008004100039020001000080082001600090100001800106245007100124260004500195500003500240505001000275650001400285700001800299902000800317942000700325952011900332999001700451nice12345678IN_TiNIC20260116015141.0050524s1997 leoa grp 000 0 eng  ac10000a303.69bWAM aWampler, Faye aTools for Livingb Peer Mediation and Conflict Resolution Training aLeola, Pasadma USAbEsr Associatesc1997 aincludes index and biblioraphy2 aIndex aMediation1 aWampler, Faye bRHR cBK 001040708ReferHall-aHMIbHMId2007-03-20g100.00l0o303.69 WAMp11000552r2007-03-20v100.00w2005-05-24yBK c18510d18510